Statistics for Top 50 Nas Songs

Click here to take the quiz!

General Stats

  • This quiz has been taken 59 times
  • The average score is 15 of 50

Answer Stats

#AlbumSong% Correct
1IllmaticN.Y. State of Mind
91%
17IllmaticRepresent
74%
2IllmaticThe World Is Yours
70%
14IllmaticOne Love
66%
7StillmaticEther
64%
4IllmaticHalftime
64%
8I Am...Nas Is Like
64%
9It Was WrittenIf I Ruled The World (Imagine That)
62%
6It Was WrittenThe Message
62%
3IllmaticLife's A B***h
57%
10StillmaticIt Ain't Hard To Tell
55%
11IllmaticMemory Lane (Sittin' In Da Park)
55%
5StillmaticOne Mic
45%
26It Was WrittenStreet Dreams
42%
18StillmaticGot Ur Self A Gun
38%
24It Was WrittenAffirmative Action
36%
19I Am...Hate Me Now
36%
16It Was WrittenI Gave You Power
32%
23The Lost TapesPurple
32%
28Hip Hop Is DeadHip Hop Is Dead
28%
32God's SonI Can
28%
25God's SonMade You Look
28%
22StillmaticRewind
26%
43Stillmatic2nd Childhood
25%
49It Was WrittenTake It In Blood
23%
45It Was WrittenShootouts
21%
27It Was WrittenLive N***a Rap
19%
48It Was WrittenWatch Dem N****s
19%
34I Am...N.Y. State of Mind, Pt. 2
17%
46It Was WrittenSuspect
17%
31God's SonDoo Rags
15%
12Life Is GoodDaughters
13%
44StillmaticDestroy & Rebuild
13%
30Hero *Charlotte PerrelliHero (feat. Keri Hilson)
13%
13I Am...Undying Love
13%
15Only Built For Cuban Lynx... *RaekwonVerbal Intercourse
13%
20StillmaticWhat Goes Around
13%
36Life Is GoodLoco-Motive
11%
42God's SonThe Cross
11%
21StillmaticYou're Da Man
11%
40The InfamousEye For An Eye (Your Beef Is Mines)
9%
29Breaking Atoms *Main SourceLive At The Barbeque
9%
41God's SonLast Real N***a Alive
8%
38NastradamusShoot 'Em Up
8%
334,5,6 *Kool G RapFast Life
6%
37Hip Hop Is DeadMoney Over Bulls**t
6%
39I Am...We Will Survive
6%
50I Am...Life Is What You Make It
4%
35StillmaticNo Idea's Original
4%
47UntitledSly Fox
2%

Score Distribution

Percentile by Number Answered

Percent of People with Each Score

Your Score History

You have not taken this quiz